Antarctic marine geology
Saved in:
| Main Author: | |
|---|---|
| Format: | Book |
| Language: | English |
| Published: |
Nueva York
Cambridge University Press
1999
|
| Subjects: | |
| Tags: |
Add Tag
No Tags, Be the first to tag this record!
|
MARC
| LEADER | 00000nam a2200000 a 4500 | ||
|---|---|---|---|
| 001 | UCP9264 | ||
| 003 | CL-VaPUC | ||
| 008 | 000324e19990000US |||||||||||||||||eng|d | ||
| 082 | 0 | 4 | |a 559.89 |b AND |2 21 |
| 100 | 0 | |a Anderson, John B |e author |9 439729 | |
| 245 | 1 | 0 | |a Antarctic marine geology |
| 300 | |a 289 p | ||
| 942 | |c BK | ||
| 945 | |d 20000324 00:00:00 |a vberengu | ||
| 260 | |a Nueva York |b Cambridge University Press |c 1999 | ||
| 650 | 7 | |a FONDO OCEANICO |2 CL-VaPUC |9 314212 | |
| 650 | 0 | |a Geología |9 260984 | |
| 650 | 0 | |a Geología submarina |9 259962 | |
| 650 | 0 | |a Geología marina |9 350527 | |
| 650 | 0 | |a Geomorfología |9 261377 | |
| 650 | 0 | |a Oceanografía física |9 339696 | |
| 650 | 7 | |a SEDIMENTOLOGIA |2 CL-VaPUC |9 361448 | |
| 651 | 0 | |a Antártica (Antártida) |9 324088 | |
| 583 | |a last modification |c 20000324 00:00:00 |k Rodrigo Vera | ||
| 999 | |c 286094 |d 286092 | ||
| 952 | |0 0 |1 0 |2 ddc |4 0 |6 559_890000000000000_AND_1999 |7 0 |8 A |9 331408 |a BIBCUR |b BIBCUR |d 2019-11-20 |i 360473K |l 2 |o 559.89 AND 1999 |p 360473K |r 2025-04-22 |s 2025-04-22 |w 2019-11-20 |y BK |k CIM | ||